| 000 | 00669pam a2200229 a 4500 | ||
|---|---|---|---|
| 001 | 013386193 | ||
| 003 | Uk | ||
| 005 | 20131102132043.0 | ||
| 008 | 051128s2006 enk rb 001 0 eng | ||
| 015 |
_aGBA616649 _2bnb |
||
| 020 | _a0415397278 (pbk.) | ||
| 020 | _a9780415397278 (pbk.) | ||
| 082 | 0 | 4 |
_a330 _222 _bKEY |
| 245 | 0 | 0 |
_aKey debates in new political economy / _cedited by Anthony Payne. |
| 260 |
_aLondon : _bRoutledge, _c2006. |
||
| 300 |
_avii, 206 p. ; _c24 cm. |
||
| 504 | _aIncludes bibliographical references and index. | ||
| 650 | 0 |
_aEconomics. _934363 |
|
| 653 |
_bEco _cNovember2013 |
||
| 700 | 1 |
_aPayne, Anthony, _d1952- _934364 |
|
| 942 |
_2ddc _cBB |
||
| 999 |
_c17731 _d17703 |
||